000 00290nam a2200109Ia 4500
008 200302s9999 xx 000 0 und d
100 _aAngelika Taschen and Deidi von schaewen
245 _aIcons Indian style
260 _bTaschen Bibliotheca Universalis
260 _c2001
300 _a191 P.,
999 _c4068
_d4068